[Event "London Classic Open 2017"]
[Site "London ENG"]
[Date "2017.12.02"]
[Round "1.1"]
[White "Rysbayeva, Aigerim"]
[Black "Motylev, Alexander"]
[Result "0-1"]
[WhiteTitle "WFM"]
[BlackTitle "GM"]
[WhiteElo "2118"]
[BlackElo "2675"]
[WhiteFideId "13704567"]
[BlackFideId "4121830"]
[EventDate "2017.12.02"]

1. e4 c5 2. Nf3 Nc6 3. d4 cxd4 4. Nxd4 e5 5. Nb5 a6 6. Nd6+ Bxd6 7. Qxd6 Qe7 8.
Qxe7+ Ngxe7 9. Nc3 d5 10. Bd3 Nb4 11. a3 Nxd3+ 12. cxd3 Be6 13. Bd2 d4 14. Na4
Rc8 15. b4 Rc6 16. Rc1 Bd7 17. Nc5 b6 18. Nxd7 Rxc1+ 19. Bxc1 Kxd7 20. Kd2 h5
21. Bb2 h4 22. f4 f6 23. f5 g6 24. fxg6 Nxg6 25. Rf1 Ke7 26. a4 Rg8 27. g3 hxg3
28. hxg3 Rh8 29. Rf2 Ke6 30. Kc2 Ne7 31. b5 axb5 32. axb5 Rg8 33. Rf3 Nc8 34.
Kb3 Nd6 35. Kb4 Ra8 36. Bc1 Ra1 37. Bh6 Rh1 38. Bf8 Rb1+ 39. Ka4 Ra1+ 40. Kb4
Rb1+ 41. Ka4 Nxb5 42. Bg7 Nc3+ 43. Ka3 Kf7 44. Bxf6 b5 45. Bd8+ Ke6 46. Rf6+ Kd7
47. Ba5 Ra1+ 48. Kb4 Ra4+ 49. Kc5 Rxa5 50. g4 Ra1 51. g5 Rc1 0-1

[Event "London Classic Open 2017"]
[Site "London ENG"]
[Date "2017.12.02"]
[Round "1.2"]
[White "Sargissian, Gabriel"]
[Black "Kwon, Sehyun"]
[Result "1-0"]
[WhiteTitle "GM"]
[BlackTitle "CM"]
[WhiteElo "2672"]
[BlackElo "2117"]
[WhiteFideId "13300881"]
[BlackFideId "13203088"]
[EventDate "2017.12.02"]

1. d4 Nf6 2. c4 e6 3. Nc3 Bb4 4. Nf3 d5 5. cxd5 exd5 6. Bg5 h6 7. Bxf6 Qxf6 8.
Qa4+ Nc6 9. e3 Bxc3+ 10. bxc3 O-O 11. Be2 Be6 12. O-O a6 13. Rfb1 Rfb8 14. Rb2
b5 15. Qd1 Na5 16. Nd2 Nc4 17. Rbb1 Bf5 18. Rc1 Nxd2 19. Qxd2 Bd7 20. Bf3 Bc6
21. Qb2 a5 22. Qa3 Rd8 23. Rab1 a4 24. Qc5 Qd6 25. Be2 Qxc5 26. dxc5 Rab8 27.
Rd1 Be8 28. Rd4 c6 29. g4 f6 30. Bd3 Bf7 31. Kf1 Re8 32. Ke2 Kf8 33. h4 g5 34.
Rh1 Ke7 35. a3 Rh8 36. e4 Rbd8 37. Kd2 Be6 38. Re1 Kf7 39. h5 Rd7 40. exd5 Bxd5
41. Bg6+ Kg7 42. Bf5 Rc7 43. Be6 Rd8 44. Re3 Kf8 45. Red3 Ke7 46. Bxd5 cxd5 47.
Rxd5 Rxd5 48. Rxd5 Ke6 49. Rf5 Rd7+ 50. Ke3 Rc7 51. Ke4 Rd7 52. c6 Rc7 53. Rc5
Kd6 54. Kd4 Rxc6 55. Rxc6+ Kxc6 56. c4 Kb6 57. cxb5 Kxb5 58. Kd5 Kb6 59. Ke6 1-0

[Event "London Classic Open 2017"]
[Site "London ENG"]
[Date "2017.12.02"]
[Round "1.3"]
[White "Bates, Caspar J"]
[Black "Iturrizaga Bonelli, Eduardo"]
[Result "0-1"]
[BlackTitle "GM"]
[WhiteElo "2112"]
[BlackElo "2665"]
[WhiteFideId "414760"]
[BlackFideId "3901211"]
[EventDate "2017.12.02"]

1. d4 Nf6 2. c4 e6 3. e3 b6 4. a3 Bb7 5. Nc3 g6 6. Nf3 Bg7 7. Bd3 O-O 8. O-O c5
9. d5 exd5 10. cxd5 d6 11. e4 a6 12. a4 Nbd7 13. Nd2 Ne8 14. f4 f5 15. exf5 gxf5
16. Nf3 Nc7 17. Qb3 Kh8 18. Bd2 Nf6 19. Bxf5 b5 20. axb5 axb5 21. Ng5 c4 22. Qc2
Rxa1 23. Rxa1 h6 24. Ne6 Nxe6 25. Bxe6 Qb6+ 26. Kh1 Qf2 27. Qc1 b4 28. Be3 Qh4
29. Ra7 bxc3 30. Rxb7 Ne4 31. Rxg7 Kxg7 32. Kg1 Qf6 33. Qd1 Kh7 34. Qc2 cxb2 35.
Qxe4+ Qg6 36. f5 Qf6 37. Bd4 b1=Q+ 38. Qxb1 Qxd4+ 39. Kf1 Kh8 40. g3 c3 41. Qc1
Kg7 42. Ke2 Rb8 43. Kf3 Rb2 0-1

[Event "London Classic Open 2017"]
[Site "London ENG"]
[Date "2017.12.02"]
[Round "1.4"]
[White "Nabaty, Tamir"]
[Black "De Abreu, Roberto N"]
[Result "1-0"]
[WhiteTitle "GM"]
[BlackTitle "FM"]
[WhiteElo "2657"]
[BlackElo "2110"]
[WhiteFideId "2809052"]
[BlackFideId "14307472"]
[EventDate "2017.12.02"]

1. d4 Nf6 2. Nf3 c5 3. d5 e6 4. Nc3 Nxd5 5. Nxd5 exd5 6. Qxd5 Nc6 7. e4 d6 8.
Ng5 Qe7 9. Bb5 Bd7 10. Bc4 Nd8 11. O-O h6 12. Nf3 Bc6 13. Qd1 Ne6 14. Re1 Qd7
15. b3 Be7 16. Bb2 O-O-O 17. Bd5 Rhg8 18. g3 h5 19. Nd2 h4 20. Qg4 hxg3 21. hxg3
Bf6 22. Bxc6 bxc6 23. Rab1 Rh8 24. b4 Rh6 25. Bxf6 gxf6 26. Nf3 Rdh8 27. Nh4 Rh5
28. bxc5 Rg5 29. Qe2 Nxc5 30. Nf5 Rgh5 31. Qg4 Ne6 32. Red1 d5 33. exd5 cxd5 34.
Qb4 Rh1+ 35. Kg2 R8h2+ 36. Kf3 Ng5+ 37. Kg4 1-0

[Event "London Classic Open 2017"]
[Site "London ENG"]
[Date "2017.12.02"]
[Round "1.5"]
[White "Coote, Trevor D"]
[Black "Jones, Gawain C B"]
[Result "0-1"]
[BlackTitle "GM"]
[WhiteElo "2104"]
[BlackElo "2654"]
[WhiteFideId "410039"]
[BlackFideId "409561"]
[EventDate "2017.12.02"]

1. d4 Nf6 2. c4 c5 3. d5 b5 4. cxb5 a6 5. e3 g6 6. Nc3 Bg7 7. Nf3 O-O 8. e4 axb5
9. Bxb5 Nxe4 10. Qd3 Nd6 11. Bf4 Nxb5 12. Qxb5 d6 13. Qd3 Ba6 14. Qd2 Re8 15.
Bh6 e5 16. Bxg7 Kxg7 17. O-O-O e4 18. Ne1 Nd7 19. Qf4 Ne5 20. h4 h6 21. g4 Bc4
22. g5 Bxa2 23. gxh6+ Kh8 24. Nxe4 Bb3 25. Nc2 Ra4 26. Qe3 Bxc2 27. Kxc2 Rb4 28.
Rb1 Rd4 29. Ng5 Qd7 30. b3 Qf5+ 31. Kb2 Nd3+ 0-1

[Event "London Classic Open 2017"]
[Site "London ENG"]
[Date "2017.12.02"]
[Round "1.6"]
[White "Grandelius, Nils"]
[Black "Russell, Christopher"]
[Result "1-0"]
[WhiteTitle "GM"]
[WhiteElo "2647"]
[BlackElo "2103"]
[WhiteFideId "1710400"]
[BlackFideId "413569"]
[EventDate "2017.12.02"]

1. c4 e6 2. g3 f5 3. Bg2 Nf6 4. b3 Be7 5. Bb2 O-O 6. Nh3 d6 7. d4 Qe8 8. O-O a5
9. Nc3 Nc6 10. d5 exd5 11. cxd5 Ne5 12. Rc1 Nh5 13. e3 Bd8 14. Nf4 Nxf4 15. exf4
Nd7 16. Re1 Qf7 17. Nb5 Nc5 18. Nd4 Bf6 19. Ba3 Bxd4 20. Qxd4 b6 21. Bb2 Bb7 22.
Bh3 Bxd5 23. Bxf5 c6 24. Re3 Ra7 25. Bb1 Qh5 26. Rce1 Raf7 27. f5 Nd7 28. Qf4
Nf6 29. f3 g5 30. fxg6 hxg6 31. g4 Qh4 32. Bxg6 Rg7 33. Bxf6 Rxg6 34. Bxh4 Rxf4
35. Rf1 a4 36. Bg3 Rb4 37. Re8+ Kg7 38. Be1 Rf4 39. Re3 Kf7 40. Bg3 Rb4 41. Rfe1
axb3 42. Re7+ Kf8 43. axb3 Rxb3 44. Rd7 Re6 45. Ra1 c5 46. Raa7 Bc6 47. Rd8+ Be8
48. Bxd6+ Kg8 49. Kf2 c4 50. Be7 Kf7 51. Bg5+ Kg8 52. h4 Rb5 53. Rc7 Rb2+ 54.
Kg3 b5 55. Be7 1-0

[Event "London Classic Open 2017"]
[Site "London ENG"]
[Date "2017.12.02"]
[Round "1.8"]
[White "Melkumyan, Hrant"]
[Black "Hebbes, Tim"]
[Result "1-0"]
[WhiteTitle "GM"]
[WhiteElo "2633"]
[BlackElo "2097"]
[WhiteFideId "13302485"]
[BlackFideId "406570"]
[EventDate "2017.12.02"]

1. e4 e6 2. d4 d5 3. Nd2 a6 4. Ngf3 Nf6 5. exd5 exd5 6. Bd3 Nc6 7. c3 Bd6 8. O-O
O-O 9. Re1 Bg4 10. Nf1 Re8 11. Rxe8+ Qxe8 12. Ne3 Bh5 13. Nf5 Bf8 14. Bf4 Qd7
15. Ng3 Bg6 16. Ne5 Nxe5 17. dxe5 Ne8 18. Be2 c6 19. h4 h6 20. h5 Bh7 21. Bg4
Qd8 22. Bf5 Qh4 23. Qf3 Nc7 24. Bxh6 Bc5 25. Bxh7+ Kxh7 26. Bxg7 Ne6 27. Qxf7
Qxg3 28. Bf8+ Ng7 29. Bxc5 Qxe5 30. Qg6+ Kh8 31. Bd4 1-0

[Event "London Classic Open 2017"]
[Site "London ENG"]
[Date "2017.12.02"]
[Round "1.9"]
[White "Guo, Emma"]
[Black "Maze, Sebastien"]
[Result "0-1"]
[WhiteTitle "WIM"]
[BlackTitle "GM"]
[WhiteElo "2081"]
[BlackElo "2614"]
[WhiteFideId "3200795"]
[BlackFideId "613762"]
[EventDate "2017.12.02"]

1. d4 Nf6 2. c4 g6 3. Nc3 Bg7 4. e4 d6 5. Be2 O-O 6. Bg5 Nbd7 7. Nf3 e5 8. d5 a5
9. Qd2 Nc5 10. h4 Bg4 11. Nh2 Bxe2 12. Qxe2 h6 13. Bd2 c6 14. h5 cxd5 15. cxd5
b5 16. Ng4 Nxg4 17. Qxg4 f5 18. Qh3 b4 19. hxg6 f4 20. Ne2 Nxe4 21. Bxf4 exf4
22. Qe6+ Kh8 23. Qxe4 Qf6 24. O-O Rae8 25. Qf3 Qxb2 26. Rae1 Qxa2 27. Nxf4 Rxe1
28. Rxe1 Qd2 29. Re4 a4 30. Qg3 a3 31. Ne6 a2 0-1

[Event "London Classic Open 2017"]
[Site "London ENG"]
[Date "2017.12.02"]
[Round "1.11"]
[White "Coleman, David J"]
[Black "Hawkins, Jonathan"]
[Result "0-1"]
[WhiteTitle "CM"]
[BlackTitle "GM"]
[WhiteElo "2076"]
[BlackElo "2579"]
[WhiteFideId "402087"]
[BlackFideId "412686"]
[EventDate "2017.12.02"]

1. e4 e5 2. Nf3 Nc6 3. d4 exd4 4. Bc4 Nf6 5. e5 d5 6. Bb5 Ne4 7. Nxd4 Bc5 8. Be3
O-O 9. Nxc6 bxc6 10. Bxc5 Nxc5 11. Bxc6 Rb8 12. Qxd5 Qe7 13. O-O Rxb2 14. Na3
Rd8 15. Qf3 Ne6 16. Qc3 Rb6 17. Rfe1 Rxc6 18. Qxc6 Qxa3 19. Rad1 Rf8 20. Qc4 Ba6
21. Qc6 Qa5 22. Rb1 Nd4 23. Qd7 Ne2+ 24. Rxe2 Bxe2 25. e6 Qxa2 26. Re1 fxe6 27.
f4 Qc4 0-1

[Event "London Classic Open 2017"]
[Site "London ENG"]
[Date "2017.12.02"]
[Round "1.12"]
[White "Moussard, Jules"]
[Black "Seymour, Timothy P"]
[Result "1-0"]
[WhiteTitle "GM"]
[WhiteElo "2576"]
[BlackElo "2072"]
[WhiteFideId "642908"]
[BlackFideId "412112"]
[EventDate "2017.12.02"]

1. d4 Nf6 2. Nf3 e6 3. Bg5 h6 4. Bh4 d6 5. e3 Nbd7 6. h3 b6 7. Nbd2 Bb7 8. a4 a6
9. c3 Be7 10. Bd3 O-O 11. Bg3 Re8 12. O-O Bf8 13. Qb3 d5 14. Ne5 Nxe5 15. Bxe5
Ne4 16. Bxe4 dxe4 17. a5 b5 18. c4 Bc6 19. Rfc1 b4 20. Qc2 f5 21. Rd1 Bd6 22.
Nb3 Qe7 23. Bxd6 cxd6 24. d5 exd5 25. cxd5 Bb5 26. Nd4 Bd3 27. Qb3 Qf7 28. Ne6
Rab8 29. Rac1 g5 30. Rc7 Qf6 31. Rdc1 f4 32. Rg7+ Kh8 33. Rcc7 Qf5 34. Rcf7 1-0

[Event "London Classic Open 2017"]
[Site "London ENG"]
[Date "2017.12.02"]
[Round "1.13"]
[White "Fink-Nunn, Petra"]
[Black "Donchenko, Alexander"]
[Result "0-1"]
[WhiteTitle "WFM"]
[BlackTitle "GM"]
[WhiteElo "2071"]
[BlackElo "2569"]
[WhiteFideId "405809"]
[BlackFideId "24603295"]
[EventDate "2017.12.02"]

1. e4 c5 2. Nf3 d6 3. d4 cxd4 4. Nxd4 Nf6 5. Nc3 a6 6. Be3 e5 7. Nb3 Be6 8. f3
h5 9. Nd5 Bxd5 10. exd5 Nbd7 11. Qd2 Qc7 12. O-O-O g6 13. Kb1 Bg7 14. Be2 b5 15.
Qa5 Qb7 16. c4 bxc4 17. Bxc4 O-O 18. Rc1 Rfb8 19. Rhd1 Nb6 20. Bxb6 Qxb6 21. Bf1
Qg1 22. Qd2 Qxh2 23. Rc6 e4 24. Rxa6 Rxa6 25. Bxa6 exf3 26. gxf3 Qg3 27. Qe3 h4
28. Rg1 Nxd5 29. Qa7 Qh2 30. Qxb8+ Kh7 31. Nc1 Qxg1 32. Qxd6 h3 0-1

[Event "London Classic Open 2017"]
[Site "London ENG"]
[Date "2017.12.02"]
[Round "1.14"]
[White "Le Roux, Jean-Pierre"]
[Black "Compton, Alistair"]
[Result "1-0"]
[WhiteTitle "GM"]
[WhiteElo "2560"]
[BlackElo "2071"]
[WhiteFideId "609404"]
[BlackFideId "4300645"]
[EventDate "2017.12.02"]

1. d4 d5 2. Nf3 e6 3. Bf4 Bd6 4. e3 Nc6 5. Bd3 Nf6 6. O-O O-O 7. Nbd2 Bxf4 8.
exf4 Qd6 9. g3 Nb4 10. Be2 c5 11. dxc5 Qxc5 12. c4 dxc4 13. Nxc4 Nbd5 14. Rc1
Bd7 15. Nfe5 Rfd8 16. Nxf7 Rf8 17. Nfe5 Rfd8 18. Nxd7 Nxd7 19. Bg4 Nf8 20. Qe2
Re8 21. Ne5 Qb6 22. Rfd1 Nb4 23. Qc4 g6 24. Nd7 Nxd7 25. Rxd7 Nd5 26. Re1 Rad8
27. Bxe6+ Rxe6 28. Rxe6 Rxd7 29. Rxb6 1-0

[Event "London Classic Open 2017"]
[Site "London ENG"]
[Date "2017.12.02"]
[Round "1.15"]
[White "Kalaiyalahan, Akshaya"]
[Black "Mikhalevski, Victor"]
[Result "0-1"]
[WhiteTitle "FM"]
[BlackTitle "GM"]
[WhiteElo "2067"]
[BlackElo "2545"]
[WhiteFideId "422894"]
[BlackFideId "2801914"]
[EventDate "2017.12.02"]

1. d4 d5 2. c4 e6 3. Nf3 Nf6 4. g3 dxc4 5. Qa4+ Nbd7 6. Bg2 a6 7. Qxc4 b5 8. Qc2
Bb7 9. O-O c5 10. a4 b4 11. Bg5 Rc8 12. Qd1 cxd4 13. Nxd4 Bxg2 14. Kxg2 Qb6 15.
Nf3 Qb7 16. Nd2 Be7 17. Re1 h6 18. Bxf6 Bxf6 19. Rb1 Nc5 20. Nc4 Be7 21. Nd6+
Bxd6 22. Qxd6 Ne4 23. Qd4 O-O 24. Rbc1 Rfd8 25. Rxc8 Rxc8 26. Kg1 Rc2 27. h4 Nc5
28. Kf1 Qe4 29. Qxe4 Nxe4 30. Rb1 e5 31. Ke1 f6 32. Kd1 b3 33. Ke1 h5 34. a5 Kf7
35. Nh2 Nd2 36. Rd1 Nc4 37. f3 Rxb2 38. Nf1 Ra2 39. Rb1 b2 40. Nd2 Na3 0-1

[Event "London Classic Open 2017"]
[Site "London ENG"]
[Date "2017.12.02"]
[Round "1.16"]
[White "Vishnu Prasanna, V"]
[Black "Jyothilal, N."]
[Result "1-0"]
[WhiteTitle "GM"]
[WhiteElo "2536"]
[BlackElo "2063"]
[WhiteFideId "5030692"]
[BlackFideId "5002605"]
[EventDate "2017.12.02"]

1. d4 d5 2. Nf3 e6 3. g3 c5 4. Bg2 Nc6 5. O-O Nf6 6. c4 Be7 7. cxd5 exd5 8. dxc5
Bxc5 9. a3 O-O 10. b4 Be7 11. Nc3 Bg4 12. Bb2 a6 13. h3 Bxf3 14. exf3 Qd7 15.
Qb3 Nd4 16. Qd1 Ne6 17. f4 Rfd8 18. Re1 d4 19. Na4 Rab8 20. f5 Nc7 21. Bxd4 Bxb4
22. Bxf6 Bxe1 23. Bxd8 Bxf2+ 24. Kxf2 Qxf5+ 25. Kg1 Ne6 26. Bb6 Qe5 27. Bf2 b5
28. Nb6 Rd8 29. Qe1 Qb2 30. Nd5 g6 31. Rd1 Qxa3 32. Qe5 1-0

[Event "London Classic Open 2017"]
[Site "London ENG"]
[Date "2017.12.02"]
[Round "1.17"]
[White "Marentini, Marcel"]
[Black "Handke, Florian"]
[Result "0-1"]
[BlackTitle "GM"]
[WhiteElo "2055"]
[BlackElo "2526"]
[WhiteFideId "1318730"]
[BlackFideId "4634527"]
[EventDate "2017.12.02"]

1. Nf3 Nf6 2. c4 g6 3. Nc3 d5 4. Qa4+ Bd7 5. Qb3 dxc4 6. Qxc4 a6 7. d4 b5 8. Qb3
Bg7 9. e4 O-O 10. e5 Be6 11. exf6 Bxb3 12. fxg7 Kxg7 13. axb3 Nc6 14. Be3 Nb4
15. Rc1 c5 16. Be2 cxd4 17. Bxd4+ Kg8 18. O-O Qd6 19. Be3 Rac8 20. Rfd1 Qe6 21.
Nd4 Qe5 22. Nf3 Qe6 23. Nd4 Qf6 24. Bf3 Rfd8 25. Nd5 Nxd5 26. Rxc8 Rxc8 27. Bxd5
Rd8 28. Nc6 Qxc6 29. Bxf7+ Kxf7 30. Rxd8 Qc2 31. h4 Qxb2 32. Ra8 Qb1+ 33. Kh2
Qe4 34. Rxa6 Qxh4+ 35. Kg1 Qb4 0-1

[Event "London Classic Open 2017"]
[Site "London ENG"]
[Date "2017.12.02"]
[Round "1.18"]
[White "Kotronias, Vasilios"]
[Black "Barton, R Alan"]
[Result "1-0"]
[WhiteTitle "GM"]
[WhiteElo "2524"]
[BlackElo "2052"]
[WhiteFideId "5900212"]
[BlackFideId "404233"]
[EventDate "2017.12.02"]

1. e4 e6 2. d4 a6 3. Nf3 b5 4. Bd3 Bb7 5. O-O c5 6. c3 Nc6 7. Re1 cxd4 8. cxd4
Nb4 9. Bf1 Nf6 10. a3 Nc6 11. d5 Ne7 12. a4 b4 13. Nbd2 Nc8 14. Nc4 Bc5 15. Bg5
h6 16. Bh4 g5 17. Bg3 O-O 18. Nd4 d6 19. Rc1 Bxd4 20. Qxd4 e5 21. Nxe5 dxe5 22.
Bxe5 Ng4 23. Bg3 Qb6 24. Qd1 Nf6 25. Bc7 Qa7 26. Be5 Nd7 27. Bd4 Qb8 28. Qg4 Qd6
29. e5 Qxd5 30. Bc4 Qxg2+ 31. Qxg2 Bxg2 32. Kxg2 Ncb6 33. Bb3 a5 34. Rc6 Rab8
35. Rxh6 Kg7 36. Rd6 Kh7 37. Re3 Rfe8 38. Bxf7 Re7 39. e6 Nf8 40. Rh3# 1-0

[Event "London Classic Open 2017"]
[Site "London ENG"]
[Date "2017.12.02"]
[Round "1.19"]
[White "Peters, Stephen G"]
[Black "Nihal, Sarin"]
[Result "0-1"]
[BlackTitle "IM"]
[WhiteElo "2050"]
[BlackElo "2507"]
[WhiteFideId "406040"]
[BlackFideId "25092340"]
[EventDate "2017.12.02"]

1. d4 Nf6 2. c4 c5 3. d5 b5 4. cxb5 a6 5. b6 d6 6. Nc3 Nbd7 7. e4 Rb8 8. Nf3 g6
9. a4 Rxb6 10. Nd2 Bg7 11. Be2 O-O 12. O-O Rb4 13. h3 g5 14. Nc4 Nb6 15. Nxb6
Qxb6 16. a5 Qb7 17. Qc2 h6 18. Ra2 Bd7 19. Re1 e6 20. Rd1 exd5 21. exd5 Re8 22.
Bf3 Qc8 23. Bd2 Bxh3 24. Ne2 g4 25. Bxb4 gxf3 26. gxf3 cxb4 27. Qd3 Nxd5 28.
Qxd5 Be6 0-1

[Event "London Classic Open 2017"]
[Site "London ENG"]
[Date "2017.12.02"]
[Round "1.20"]
[White "Stany, G.A."]
[Black "Johansson, Toni"]
[Result "1-0"]
[WhiteTitle "IM"]
[WhiteElo "2502"]
[BlackElo "2049"]
[WhiteFideId "5029104"]
[BlackFideId "1703269"]
[EventDate "2017.12.02"]

1. e4 c5 2. Nf3 d6 3. Bb5+ Nd7 4. a4 a6 5. Bc4 e6 6. O-O Ngf6 7. Re1 Be7 8. Nc3
O-O 9. a5 b5 10. axb6 Nxb6 11. Ba2 d5 12. d3 Bb7 13. Bg5 dxe4 14. dxe4 Qc7 15.
Qe2 c4 16. e5 Nfd5 17. Nxd5 Bxd5 18. Bxe7 Qxe7 19. Nd4 Qc5 20. c3 Bb7 21. Bb1
Rfd8 22. h4 Qe7 23. Qg4 Nd7 24. Re3 Nf8 25. h5 Rab8 26. Rg3 g6 27. hxg6 fxg6 28.
Ne2 Qg7 29. Nf4 Bc8 30. Qg5 Rd1+ 31. Kh2 Rxb2 32. Bxg6 hxg6 33. Rxd1 Rxf2 34.
Rd8 Bb7 35. Rxf8+ 1-0

[Event "London Classic Open 2017"]
[Site "London ENG"]
[Date "2017.12.02"]
[Round "1.21"]
[White "Nettleton, Charlie B"]
[Black "Fernandez, Daniel Howard"]
[Result "0-1"]
[BlackTitle "GM"]
[WhiteElo "2047"]
[BlackElo "2500"]
[WhiteFideId "419710"]
[BlackFideId "5801605"]
[EventDate "2017.12.02"]

1. e4 c5 2. a3 g6 3. Nc3 Bg7 4. b4 b6 5. Nf3 Nc6 6. bxc5 bxc5 7. Rb1 e6 8. Na4
d6 9. Bb2 Bxb2 10. Rxb2 e5 11. Nc3 Nf6 12. Bb5 Bd7 13. O-O O-O 14. Ng5 Rb8 15.
Rb1 h6 16. Nh3 Bxh3 17. Bxc6 Rxb1 18. Qxb1 Qc8 19. gxh3 Qxc6 20. d3 c4 21. Qb5
Qc8 22. Nd5 Nxd5 23. Qxd5 Qxh3 24. Qxd6 Qg4+ 25. Kh1 Qe2 26. Kg1 Qxc2 27. dxc4
Qxe4 28. c5 Rc8 29. Rc1 Qg4+ 30. Kf1 Qh3+ 31. Ke2 Qxa3 32. Rc2 Qa4 33. Rc3 Qb5+
34. Ke3 Rc6 35. Qd8+ Kg7 36. Qd5 a5 37. Qxe5+ Kh7 38. Qd5 Re6+ 39. Kf3 Qb2 40.
Qd4 a4 41. Rc4 Qb7+ 42. Kg3 a3 43. Ra4 Ra6 44. Rxa6 Qxa6 45. Qd5 Qa7 46. Qa2 Kg8
47. c6 Kf8 48. f4 Qg1+ 49. Kf3 Qh1+ 50. Kg3 Qe1+ 51. Kg2 Qe4+ 52. Kg3 Qd3+ 53.
Kg2 Ke7 54. c7 Kd7 55. Qxf7+ Kc8 56. Qf8+ Kxc7 57. Qxh6 Qc2+ 58. Kg3 Qc3+ 59.
Kg4 a2 60. Qh7+ Kb6 61. Qxg6+ Ka5 62. Qf5+ Kb4 63. Qe4+ Ka3 64. Qa8+ Kb2 65.
Qb7+ Qb3 66. Qg2+ Qc2 67. Qb7+ Kc1 68. Qa6 Qg2+ 69. Kf5 Qd5+ 70. Kg4 Qg2+ 71.
Kf5 Qxh2 72. Qf1+ Kd2 73. Qa1 Qh7+ 74. Kg5 Qb1 75. Qd4+ Ke2 76. Qc4+ Kf3 77.
Qc3+ Kg2 78. f5 a1=Q 79. Qd2+ Kf1 80. Qf4+ Ke2 81. Qh2+ Kd3 82. Qg3+ Ke4 83.
Qg2+ Kd4 84. Qf2+ Kc4 85. Qe2+ Qd3 86. Qe6+ Qd5 87. Qe2+ Kb3 0-1

[Event "London Classic Open 2017"]
[Site "London ENG"]
[Date "2017.12.02"]
[Round "1.22"]
[White "Vakhidov, Jakhongir"]
[Black "Hagesather, Arne"]
[Result "1-0"]
[WhiteTitle "GM"]
[WhiteElo "2500"]
[BlackElo "2046"]
[WhiteFideId "14201801"]
[BlackFideId "1502476"]
[EventDate "2017.12.02"]

1. c4 Nf6 2. d4 e6 3. Nf3 Bb4+ 4. Nc3 b6 5. e3 Bb7 6. Bd3 O-O 7. O-O d5 8. cxd5
exd5 9. a3 Be7 10. b4 Nbd7 11. Qb3 Rb8 12. b5 Re8 13. a4 Nf8 14. Ne5 Ne6 15. f4
Bf8 16. Bd2 Rc8 17. Be1 Qd6 18. Bh4 Be7 19. Be1 Nd8 20. a5 Bf8 21. Bd2 Nd7 22.
Bf5 Ne6 23. axb6 axb6 24. Ra7 Ba8 25. Nc6 Nf6 26. Rc1 g6 27. Bh3 Bxc6 28. bxc6
Ne4 29. Nxe4 dxe4 30. Qa2 Rcd8 31. Be1 f5 32. g3 Kg7 33. Bf1 Kh6 34. Bc4 Rc8 35.
Bb3 Bg7 36. Qg2 g5 37. Qh3+ Kg6 38. g4 fxg4 39. f5+ Kf6 40. Qh5 Kxf5 41. Qf7+
Bf6 42. Qxh7# 1-0

[Event "London Classic Open 2017"]
[Site "London ENG"]
[Date "2017.12.02"]
[Round "1.23"]
[White "Bansal, Rohan"]
[Black "Bellaiche, Anthony"]
[Result "0-1"]
[BlackTitle "IM"]
[WhiteElo "1971"]
[BlackElo "2499"]
[WhiteFideId "425052"]
[BlackFideId "615668"]
[EventDate "2017.12.02"]

1. d4 d5 2. c4 c6 3. e3 Nf6 4. Nc3 e6 5. Nf3 Nbd7 6. Qc2 Bd6 7. Bd3 dxc4 8. Bxc4
b5 9. Bd3 Bb7 10. O-O O-O 11. a3 h6 12. Rd1 Qb8 13. e4 e5 14. h3 Re8 15. Be3 a5
16. Ne2 a4 17. Nh4 exd4 18. Nxd4 c5 19. Ndf5 Bh2+ 20. Kh1 c4 21. Bf1 Bxe4 22.
Qd2 Ra6 23. f4 Bxf5 24. Nxf5 Rxe3 25. Qxe3 Bxf4 26. Qf3 Re6 27. Re1 Be5 28. Re2
Nc5 29. Rd1 Nd3 30. Red2 Bf4 31. Rc2 Ne1 32. Rxe1 Rxe1 33. Rf2 Be5 34. Ne7+ Kh8
35. g4 Ne4 36. Qxf7 Nxf2+ 37. Kg2 Qb7+ 38. Kxf2 Qxe7 0-1

[Event "London Classic Open 2017"]
[Site "London ENG"]
[Date "2017.12.02"]
[Round "1.24"]
[White "Fodor, Tamas Jr."]
[Black "Iyengar, Ilya"]
[Result "1-0"]
[WhiteTitle "GM"]
[WhiteElo "2496"]
[BlackElo "2044"]
[WhiteFideId "723762"]
[BlackFideId "405949"]
[EventDate "2017.12.02"]

1. d4 Nf6 2. c4 g6 3. Nf3 Bg7 4. g3 O-O 5. Bg2 d6 6. O-O Nc6 7. Nc3 a6 8. h3 Rb8
9. e4 b5 10. e5 Nd7 11. cxb5 axb5 12. Ng5 dxe5 13. Bxc6 exd4 14. Ne2 Rb6 15. Bg2
c5 16. Bd2 h6 17. Nf3 Rd6 18. Qc1 Kh7 19. b4 c4 20. Nfxd4 Rxd4 21. Nxd4 Bxd4 22.
Bxh6 Re8 23. Be3 Ne5 24. Bxd4 Qxd4 25. Qe3 Qxe3 26. fxe3 Bf5 27. a4 bxa4 28.
Rxa4 Bd3 29. Rc1 Rb8 30. Ra5 f6 31. b5 Rb6 32. Rc3 Kg7 33. Kf2 Kf7 34. Ke1 Ke8
35. Kd2 Kd7 36. Rca3 Kd6 37. Ra6 Kc5 38. Rxb6 Kxb6 39. Kc3 Kxb5 40. Ra7 Kc5 41.
Rxe7 Kd6 42. Ra7 Ke6 43. Kd4 Kf5 44. Ra2 Nd7 45. Bd5 Ne5 46. Rf2+ Kg5 47. h4+
Kg4 48. Rxf6 Nd7 49. Be6+ 1-0

[Event "London Classic Open 2017"]
[Site "London ENG"]
[Date "2017.12.02"]
[Round "1.25"]
[White "Campos Chacon, Marco"]
[Black "Hector, Jonny"]
[Result "0-1"]
[BlackTitle "GM"]
[WhiteElo "2040"]
[BlackElo "2493"]
[WhiteFideId "32029217"]
[BlackFideId "1700090"]
[EventDate "2017.12.02"]

1. e4 e5 2. Nf3 Nc6 3. Bc4 Nf6 4. d4 exd4 5. O-O Nxe4 6. Re1 d5 7. Bxd5 Qxd5 8.
Nc3 Qd7 9. Nxe4 Be7 10. Bg5 O-O 11. Bxe7 Qxe7 12. Nxd4 Bd7 13. Nb5 Rad8 14. Qh5
Ne5 15. Nxc7 Bc6 16. Ng5 h6 17. Nge6 Nf3+ 18. gxf3 fxe6 19. Nxe6 Rd5 20. Nxf8
Rg5+ 21. Kh1 Qxf8 0-1

[Event "London Classic Open 2017"]
[Site "London ENG"]
[Date "2017.12.02"]
[Round "1.26"]
[White "Gormally, Daniel W"]
[Black "Prior, Stephen C V"]
[Result "1-0"]
[WhiteTitle "GM"]
[WhiteElo "2477"]
[BlackElo "2037"]
[WhiteFideId "406465"]
[BlackFideId "423378"]
[EventDate "2017.12.02"]

1. d4 Nf6 2. c4 e6 3. Nf3 Bb4+ 4. Nbd2 b6 5. a3 Bxd2+ 6. Bxd2 Bb7 7. Bg5 h6 8.
Bh4 d5 9. e3 Nc6 10. Rc1 Ne7 11. cxd5 Bxd5 12. Nd2 Bb7 13. Bg3 c6 14. Bd3 O-O
15. Qe2 c5 16. dxc5 bxc5 17. Rxc5 Rc8 18. Rxc8 Qxc8 19. O-O Rd8 20. Nc4 Qc6 21.
f3 Ba6 22. b3 Bxc4 23. Bxc4 Nf5 24. Bf2 Qd6 25. Qb2 e5 26. Be2 e4 27. Qb1 Qxa3
28. fxe4 Rd2 29. Bc4 Nd6 30. e5 Nxc4 31. exf6 Rb2 32. Qf5 Nd2 33. Rc1 Qf8 34.
fxg7 Qd8 35. h4 Kxg7 36. Bg3 f6 37. Rc7+ Kf8 38. Bd6+ 1-0